Loading...
| Beliefs | 10 | 12.00 | 40% | 50% | 30% |
| Fine Arts - Classical Music and Opera | 7 | 17.14 | 71% | 57% | 43% |
| Fine Arts - Other | 4 | 17.50 | 50% | 75% | 50% |
| Fine Arts - Visual | 5 | 12.00 | 0% | 80% | 40% |
| Geography | 2 | 10.00 | 50% | 50% | 0% |
| History - European | 7 | 12.86 | 86% | 0% | 43% |
| History - Other | 4 | 12.50 | 50% | 75% | 0% |
| History - US | 3 | 10.00 | 0% | 33% | 67% |
| History - World | 4 | 7.50 | 0% | 25% | 50% |
| Literature - American | 7 | 10.00 | 29% | 29% | 43% |
| Literature - British | 4 | 12.50 | 25% | 50% | 50% |
| Literature - European | 3 | 16.67 | 33% | 33% | 100% |
| Literature - World | 7 | 14.29 | 71% | 29% | 43% |
| Modern World | 3 | 10.00 | 0% | 67% | 33% |
| Other Academic | 3 | 3.33 | 33% | 0% | 0% |
| Philosophy | 7 | 14.29 | 14% | 57% | 71% |
| Science - Astronomy | 1 | 0.00 | 0% | 0% | 0% |
| Science - Biology | 4 | 10.00 | 25% | 75% | 0% |
| Science - Chemistry | 4 | 10.00 | 50% | 0% | 50% |
| Science - Other | 6 | 8.33 | 33% | 17% | 33% |
| Science - Physics | 2 | 10.00 | 50% | 0% | 50% |
| Social Science | 8 | 11.25 | 25% | 38% | 50% |